| 000 | 01462cad a22002175a 4500 | ||
|---|---|---|---|
| 001 | L152985 | ||
| 008 | 110519s2011 xxk 000 0 eng d | ||
| 035 | _a(Sirsi) u152985 | ||
| 041 | 0 | _aeng | |
| 050 | _a338.47624 $2 18 | ||
| 110 | 2 |
_aRoyal Institution of Chartered Surveyors _bEconomics _95033 |
|
| 245 | 0 | 0 |
_aRICS construction market survey _bUnited Kingdom, first quarter 2011 _h[electronic resource] |
| 260 |
_aLondon _bRICS _c2011 |
||
| 490 |
_aRICS Construction Market Survey United Kingdom _vFirst Quarter 2011 |
||
| 520 | _aThe RICS UK Construction Market Survey for Q1 2011 highlights four key points. Firstly, total workloads at the national level expanded after 3 quarters of decline. Secondly, the national figure masks stark regional differences; London and the South East are seeing rising workloads while in Northern Ireland and Scotland, workload levels continue to deteriorate. Thirdly, there is a divergence sectorally, with private housing and private commercial leading the recovery with rising workloads and public sector works continuing to decline. Lastly, there is increased optimism for the coming year, with employment and workload expectations turning positive this quarter. | ||
| 590 | _aKA | ||
| 651 | 4 |
_aUnited Kingdom _y |
|
| 690 | _aBUILT ENVIRONMENT-CONSTRUCTION MARKET | ||
| 856 | 4 | 0 |
_uhttps://www.rics.org/site/download_feed.aspx?fileID=9601&fileExtension=PDF _zView the report free of charge at www.rics.org |
| 942 | _n0 | ||
| 999 |
_c112307 _d112307 |
||